Structural analysis with finite elements

Guardado en:
Detalles Bibliográficos
Autor principal: Hartmann, Friedel
Formato: Libro
Lenguaje:Undetermined
Publicado: New York Springer 2004
Materias:
Etiquetas: Agregar Etiqueta
Sin Etiquetas, Sea el primero en etiquetar este registro!
Thư viện lưu trữ: Trung tâm Học liệu Trường Đại học Cần Thơ
LEADER 00537nam a2200193Ia 4500
001 CTU_88083
008 210402s9999 xx 000 0 und d
020 |c 110.18 
082 |a 624.171 
082 |b H333 
100 |a Hartmann, Friedel 
245 0 |a Structural analysis with finite elements 
245 0 |c Friedel Hartmann, Casimir Katz 
260 |a New York 
260 |b Springer 
260 |c 2004 
650 |a Structural analysis (engineering) 
904 |i Tuyến 
980 |a Trung tâm Học liệu Trường Đại học Cần Thơ